| 000 | 00396nam a22001577a 4500 | ||
|---|---|---|---|
| 003 | NUST - PNEC | ||
| 005 | 20170116180934.0 | ||
| 008 | 150906b xxu||||| |||| 00| 0 eng d | ||
| 020 | _a- | ||
| 040 | _cLIBRARY | ||
| 082 | _a621.319 KIN | ||
| 100 |
_98430 _aKing, Ronald W. P. |
||
| 245 |
_aTransmission lines antennas and wave guides _cRonald W. P. King |
||
| 260 | _cc.1945 | ||
| 942 |
_2ddc _cBK |
||
| 999 |
_c65996 _d65996 |
||